[Event "CN Seniori 2012"]
[Site "Sarata Monteoru"]
[Date "2012.02.15"]
[Round "3.32"]
[White "Bratu, Gheorghe"]
[Black "Neagu, Liviu"]
[Result "0-1"]
[WhiteElo "1876"]
[BlackElo "2122"]
[PlyCount "66"]
[EventDate "2012.??.??"]

1. e4 e5 2. Nc3 Nc6 3. Bc4 Nf6 4. d3 Bc5 5. f4 exf4 6. Bxf4 d6 7. Nf3 Bg4 8.
Qd2 Nd4 9. Nxd4 Bxd4 10. h3 Be6 11. Bxe6 fxe6 12. O-O-O O-O 13. Be3 c5 14. Ne2
Qb6 15. c3 Rac8 16. Kb1 Bxe3 17. Qxe3 d5 18. e5 d4 19. cxd4 Nd5 20. Qd2 cxd4
21. Rc1 Rc6 22. Rxc6 bxc6 23. Nc1 a5 24. Re1 a4 25. a3 h6 26. Ka1 Ne3 27. g4
Qc5 28. Qh2 Nc2+ 29. Kb1 Nxe1 30. Qe2 Nf3 31. Qg2 Qxe5 32. Ne2 Qe3 33. Ka2 Qxd3
0-1

[Event "CN Seniori 2012"]
[Site "Sarata Monteoru/Romania"]
[Date "2012.02.15"]
[Round "3.33"]
[White "Martian, Dragos-Daniel"]
[Black "Olinici, Emanuel"]
[Result "1-0"]
[WhiteElo "2074"]
[BlackElo "1794"]
[PlyCount "77"]
[EventDate "2012.??.??"]

1. e4 e5 2. Nf3 Nc6 3. Bb5 a6 4. Ba4 Nf6 5. Qe2 b5 6. Bb3 Bc5 7. c3 d6 8. d3 h6
9. Be3 Bxe3 10. fxe3 Na5 11. Bc2 c5 12. O-O O-O 13. Nbd2 Bg4 14. h3 Be6 15. Qf2
Qc7 16. Qg3 Kh8 17. Nh4 d5 18. Nf5 Bxf5 19. Rxf5 dxe4 20. dxe4 Rfe8 21. Raf1
Rad8 22. Nf3 Nc4 23. Qf2 Nxb2 24. Rxf6 gxf6 25. Nh4 Qb6 26. Nf5 Rg8 27. Qh4 Rg6
28. Nxh6 Kg7 29. Nf5+ Kf8 30. Qh8+ Rg8 31. Qh7 Rd2 32. g4 c4 33. Rf3 Qa7 34.
Nh6 Rg6 35. Qh8+ Ke7 36. Nf5+ Kd7 37. Qf8 Kc6 38. Ne7+ Kb7 39. Qxf7 1-0

[Event "CN Seniori 2012"]
[Site "Sarata Monteoru/Romania"]
[Date "2012.02.15"]
[Round "3.34"]
[White "Iordachescu, Sorin-Emanuel"]
[Black "Popescu, Daniel-Vasilica"]
[Result "1-0"]
[WhiteElo "1876"]
[BlackElo "2069"]
[PlyCount "85"]
[EventDate "2012.??.??"]

1. d4 f5 2. e4 fxe4 3. Nc3 Nf6 4. Bg5 c6 5. Bxf6 exf6 6. Nxe4 d5 7. Ng3 Na6 8.
c3 Be6 9. Bd3 Qb6 10. Qc2 O-O-O 11. N1e2 g6 12. O-O Bd6 13. b4 f5 14. f4 h5 15.
a4 h4 16. Nh1 Nb8 17. Nf2 Qc7 18. Nh3 Rh5 19. Rab1 Re8 20. c4 Qe7 21. c5 Bc7
22. b5 Bd7 23. Rb2 Qe3+ 24. Kh1 g5 25. Rf3 g4 26. Rxe3 Rxe3 27. Qd2 Re7 28. Ng5
h3 29. Ng3 hxg2+ 30. Kxg2 Rxg5 31. fxg5 f4 32. Nf5 f3+ 33. Kf2 Bxf5 34. Bxf5+
Nd7 35. Qd3 Rg7 36. Bxd7+ Rxd7 37. Qf5 Bxh2 38. Qxg4 Kc7 39. Qxf3 Rg7 40. b6+
axb6 41. cxb6+ Kd7 42. Qf5+ Ke8 43. Re2+ 1-0

[Event "CN Seniori 2012"]
[Site "Sarata Monteoru/Romania"]
[Date "2012.02.15"]
[Round "3.35"]
[White "Tufa, Mihai"]
[Black "Mardan, Cristian"]
[Result "1-0"]
[WhiteElo "2044"]
[BlackElo "1556"]
[PlyCount "53"]
[EventDate "2012.??.??"]

1. e4 e5 2. Nf3 Nc6 3. Bb5 d6 4. d4 a6 5. Bxc6+ bxc6 6. dxe5 Be7 7. Bf4 Bg4 8.
h3 Bxf3 9. Qxf3 dxe5 10. Bxe5 Bf6 11. Bxf6 Qxf6 12. Qxf6 Nxf6 13. Nc3 O-O 14.
O-O-O Rfe8 15. Rhe1 Nd7 16. Rxd7 Rac8 17. f4 f5 18. e5 Re6 19. g4 g6 20. gxf5
gxf5 21. Rg1+ Rg6 22. Rxg6+ hxg6 23. h4 a5 24. Na4 Rb8 25. e6 Re8 26. Nc5 Kf8
27. Rxc7 1-0

[Event "CN Seniori 2012"]
[Site "Sarata Monteoru/Romania"]
[Date "2012.02.15"]
[Round "3.37"]
[White "Moldoveanu, Paul"]
[Black "Acsinte, Matei-Ionut"]
[Result "0-1"]
[WhiteElo "1859"]
[BlackElo "1997"]
[PlyCount "122"]
[EventDate "2012.??.??"]

1. e4 c5 2. Nf3 a6 3. d4 cxd4 4. Nxd4 Nf6 5. Nc3 e5 6. Nf3 Bb4 7. Bd3 d5 8.
exd5 e4 9. O-O Bxc3 10. bxc3 O-O 11. Bxe4 Nxe4 12. Qd4 f5 13. c4 Qf6 14. Ba3
Qxd4 15. Nxd4 Rd8 16. Rfd1 b5 17. Ne6 Bxe6 18. dxe6 Nc6 19. f3 Nc3 20. Rxd8+
Rxd8 21. cxb5 axb5 22. g4 fxg4 23. fxg4 b4 24. Bc1 Nd4 25. Bb2 Nxe6 26. Bxc3
bxc3 27. a4 Nd4 28. Ra2 Nc6 29. a5 Nb4 30. Ra4 Nxc2 31. Rc4 Nd4 32. Kf2 c2 33.
a6 Ra8 34. Ke3 Nb5 35. Rxc2 Rxa6 36. Rb2 Nd6 37. Kf4 Ra4+ 38. Kg3 Ne4+ 39. Kf3
Nf6 40. g5 Nd7 41. Kg3 Ne5 42. h4 Ra3+ 43. Kg2 Ra4 44. Rb8+ Kf7 45. Rb7+ Kg6
46. h5+ Kxg5 47. Rxg7+ Kh6 48. Rb7 Rg4+ 49. Kh3 Rg5 50. Ra7 Rxh5+ 51. Kg3 Rf5
52. Kh4 Ng6+ 53. Kg4 Rf6 54. Rb7 Ne5+ 55. Kh4 Kg6 56. Rb5 Rf4+ 57. Kg3 Rf5 58.
Rb8 Kg5 59. Rb3 h5 60. Kg2 Kh4 61. Rg3 Ng4 0-1

[Event "CN Seniori 2012"]
[Site "Sarata Monteoru/Romania"]
[Date "2012.02.15"]
[Round "3.39"]
[White "Tudose, Cristian"]
[Black "Mongescu, Lucian"]
[Result "1/2-1/2"]
[WhiteElo "1854"]
[BlackElo "1984"]
[PlyCount "61"]
[EventDate "2012.??.??"]

1. e4 e6 2. b3 d5 3. exd5 exd5 4. Bb2 Be6 5. Nf3 Nd7 6. Be2 Ngf6 7. d3 Bd6 8.
Nbd2 O-O 9. O-O c5 10. d4 b6 11. c4 Qc7 12. g3 Rfe8 13. Rc1 Rac8 14. Re1 Qb8
15. Ng5 Bf5 16. cxd5 h6 17. Ngf3 Nxd5 18. Nc4 N5f6 19. Ne3 Be4 20. Nd2 Bb7 21.
Bf3 cxd4 22. Bxd4 Rxc1 23. Qxc1 Bb4 24. Bxb7 Qxb7 25. a3 Bc5 26. Bxc5 Nxc5 27.
Nf5 Rxe1+ 28. Qxe1 Nfe4 29. Nxe4 Qxe4 30. Qxe4 Nxe4 31. Nd4 1/2-1/2

[Event "CN Seniori 2012"]
[Site "Sarata Monteoru"]
[Date "2012.02.15"]
[Round "3.44"]
[White "Mirauta, Stefano-Marius"]
[Black "Telea, Stefan"]
[Result "0-1"]
[WhiteElo "1823"]
[BlackElo "2112"]
[PlyCount "38"]
[EventDate "2012.??.??"]

1. e4 d5 2. exd5 Qxd5 3. Nc3 Qa5 4. d4 Nf6 5. Nf3 Bg4 6. Bd2 Qh5 7. Be2 Nc6 8.
Be3 O-O-O 9. O-O e5 10. d5 Bb4 11. h3 Bxc3 12. hxg4 Nxg4 13. bxc3 f5 14. g3 Qh3
15. Re1 Nxe3 16. fxe3 Qxg3+ 17. Kf1 Rd6 18. Bb5 e4 19. Bxc6 exf3 0-1

[Event "CN Seniori 2012"]
[Site "Sarata Monteoru/Romania"]
[Date "2012.02.15"]
[Round "3.46"]
[White "Craciun, Ovidiu"]
[Black "Arghirescu, Marius"]
[Result "1-0"]
[WhiteElo "2060"]
[BlackElo "1921"]
[PlyCount "113"]
[EventDate "2012.??.??"]

1. e4 e5 2. Nf3 Nc6 3. d4 exd4 4. Nxd4 Bc5 5. Be3 Qf6 6. c3 Nge7 7. g3 d6 8.
Bg2 Ne5 9. h3 Nc4 10. Qa4+ Bd7 11. Qxc4 c6 12. Nd2 O-O 13. O-O b5 14. Qe2 Qg6
15. Rad1 Rae8 16. b4 Bb6 17. c4 f5 18. cxb5 f4 19. gxf4 Bxh3 20. f3 Nd5 21. f5
Qxg2+ 22. Qxg2 Bxg2 23. Bf2 Bxf1 24. Nxf1 Nc3 25. Rd2 cxb5 26. Ne6 Bxf2+ 27.
Rxf2 Rf6 28. Rc2 Rc8 29. Ne3 g6 30. Nd5 Rf7 31. Ng5 Rb7 32. fxg6 hxg6 33. Rxc3
Rxc3 34. Nxc3 a6 35. Ne6 Kh7 36. Kf2 Kh6 37. Ke3 g5 38. Nd4 Kh5 39. Kd3 g4 40.
fxg4+ Kxg4 41. Nf5 Kf4 42. Kd4 a5 43. Nxd6 Rd7 44. Nd5+ Kg5 45. Nxb5 axb4 46.
Kc4 Rd8 47. Kxb4 Re8 48. Ndc3 Kf4 49. a4 Ra8 50. a5 Ke5 51. Ka4 Ra6 52. Nc7 Rc6
53. N7d5 Kd6 54. Kb5 Rc8 55. a6 Rb8+ 56. Nb6 Ke5 57. a7 1-0

[Event "CN Seniori 2012"]
[Site "Sarata Monteoru/Romania"]
[Date "2012.02.15"]
[Round "3.47"]
[White "Coman, Liviu"]
[Black "Toma, Radu-Cristian"]
[Result "0-1"]
[WhiteElo "1794"]
[BlackElo "2052"]
[PlyCount "74"]
[EventDate "2012.??.??"]

1. e4 c6 2. d4 d5 3. Nd2 dxe4 4. Nxe4 Nd7 5. Bd3 Ngf6 6. Bg5 Qb6 7. Qe2 Nxe4 8.
Qxe4 Qxb2 9. Rd1 Nf6 10. Bxf6 Qc3+ 11. Rd2 gxf6 12. Ne2 Qa5 13. c3 Qd5 14. Qxd5
cxd5 15. Nf4 Bh6 16. g3 Bd7 17. Rb2 Bxf4 18. gxf4 b6 19. Rg1 Rc8 20. Kd2 f5 21.
Rc2 e6 22. c4 dxc4 23. Rxc4 Rxc4 24. Bxc4 Ke7 25. Ba6 Bc8 26. Bc4 Rd8 27. Ke3
Kf6 28. h4 Bb7 29. a3 Rc8 30. Bd3 Rc3 31. a4 Ba6 32. Rd1 Kg6 33. f3 Kh5 34. d5
exd5 35. Kd4 Rxd3+ 36. Rxd3 Bxd3 37. Kxd3 Kxh4 0-1

[Event "CN Seniori 2012"]
[Site "Sarata Monteoru/Romania"]
[Date "2012.02.15"]
[Round "3.48"]
[White "Baciu, Alexandru"]
[Black "Anuta, Elefterie-Laurentiu"]
[Result "0-1"]
[WhiteElo "1688"]
[BlackElo "2017"]
[PlyCount "116"]
[EventDate "2012.??.??"]

1. d4 d5 2. c4 c6 3. e3 Nf6 4. Nc3 Bf5 5. Qb3 Qb6 6. Nf3 Qxb3 7. axb3 e6 8. Be2
Nbd7 9. O-O h6 10. Ne1 Bd6 11. f4 a6 12. c5 Bc7 13. Nf3 Ne4 14. b4 Ke7 15. Nd2
Nxc3 16. bxc3 Nf6 17. c4 Ne4 18. Nxe4 Bxe4 19. Bd2 dxc4 20. Bxc4 f5 21. Kf2 g5
22. g3 Rad8 23. Bc3 Rh7 24. Be2 g4 25. Rg1 h5 26. Bf1 h4 27. Bg2 hxg3+ 28. hxg3
Rh2 29. Kf1 Bd5 30. Rd1 Rdh8 31. Rd2 Kd7 32. Bxd5 cxd5 33. Rgg2 Rh1+ 34. Ke2
Kc6 35. Kd3 Kb5 36. Rc2 R8h3 37. Ra2 Rd1+ 38. Rad2 Rf1 39. Rb2 Rf3 40. Be1 Bxf4
41. gxf4 Rxe3+ 42. Kd2 Rd3+ 43. Kc2 Rxd4 44. Re2 Re4 45. Rxe4 fxe4 46. Kd1 d4
47. Rg2 e3 48. Rxg4 d3 49. Rg7 Rh1 50. Rxb7+ Kc4 51. Rd7 d2 52. Rxd2 exd2 53.
Kxd2 Kxb4 54. Bf2 Kb5 55. Kd3 Rh5 56. Ke4 a5 57. Kd3 Rxc5 58. Bxc5 Kxc5 0-1

[Event "CN Seniori 2012"]
[Site "Sarata Monteoru"]
[Date "2012.02.15"]
[Round "3.49"]
[White "David, Bogdan-Emanuel"]
[Black "Adoamnei, Roxana"]
[Result "1/2-1/2"]
[WhiteElo "1667"]
[BlackElo "2005"]
[PlyCount "110"]
[EventDate "2012.??.??"]

1. e4 c6 2. d4 d5 3. exd5 cxd5 4. Nc3 g6 5. Nf3 Nc6 6. Bb5 a6 7. Ba4 Bg4 8. Be3
e6 9. h3 Bxf3 10. Qxf3 Bg7 11. Bxc6+ bxc6 12. O-O Ne7 13. Rfe1 O-O 14. Rad1 Nf5
15. Na4 Qa5 16. b3 Nxd4 17. Bxd4 Bxd4 18. c3 Bg7 19. c4 dxc4 20. Qxc6 cxb3 21.
axb3 Rac8 22. Qb6 Qxb6 23. Nxb6 Rc6 24. Nc4 Rb8 25. Re3 Rc5 26. Red3 Rd5 27.
Rxd5 exd5 28. Rxd5 Rxb3 29. Rd8+ Bf8 30. Ra8 Rb1+ 31. Kh2 Ra1 32. Ne5 Kg7 33.
Ra7 Bd6 34. f4 Bxe5 35. fxe5 Re1 36. Rxa6 Rxe5 37. Kg3 h5 38. Ra7 Re2 39. Kh4
Re4+ 40. Kg3 g5 41. Ra5 Kg6 42. Ra6+ f6 43. Kf3 Rf4+ 44. Ke3 h4 45. Rb6 Rf5 46.
Rb4 Re5+ 47. Re4 Rxe4+ 48. Kxe4 f5+ 49. Ke5 f4 50. Ke4 Kf6 51. Kf3 Kf5 52. Kf2
g4 53. hxg4+ Kxg4 54. Kg1 Kg3 55. Kf1 h3 1/2-1/2

[Event "CN Seniori 2012"]
[Site "Sarata Monteoru"]
[Date "2012.02.15"]
[Round "3.50"]
[White "Toma, Mihail"]
[Black "Rusa, Antonio"]
[Result "1-0"]
[WhiteElo "1964"]
[BlackElo "1902"]
[PlyCount "94"]
[EventDate "2012.??.??"]

1. d4 Nf6 2. Nf3 g6 3. Bg5 Bg7 4. e3 O-O 5. Nbd2 d6 6. Be2 Nc6 7. c3 e5 8. dxe5
Nxe5 9. O-O c6 10. Qb3 Nxf3+ 11. Bxf3 Qe7 12. a4 d5 13. a5 Be6 14. Qa4 Bd7 15.
Qf4 Qe6 16. Nb3 Qf5 17. Nc5 Qxf4 18. exf4 Bf5 19. Bxf6 Bxf6 20. g4 Be6 21. Nxb7
Rab8 22. a6 Bc8 23. g5 Bg7 24. Na5 Bxa6 25. Nxc6 Bxf1 26. Kxf1 Rxb2 27. Rxa7
Bxc3 28. Bxd5 Kg7 29. Rd7 Rb4 30. Nxb4 Bxb4 31. Kg2 Bc3 32. f3 Bb4 33. Kg3 Be1+
34. Kg4 Bc3 35. h4 Bb2 36. h5 Bc3 37. f5 Bb2 38. f4 Bc1 39. fxg6 hxg6 40. h6+
Kg8 41. f5 gxf5+ 42. Kxf5 Be3 43. Kg4 Bc1 44. Kh5 Bb2 45. g6 Kh8 46. Bxf7 Rb8
47. Bd5 Bc3 1-0

[Event "CN Seniori 2012"]
[Site "Sarata Monteoru"]
[Date "2012.02.15"]
[Round "3.51"]
[White "Porfireanu, Serban"]
[Black "Vrencian, Lehel"]
[Result "0-1"]
[WhiteElo "1927"]
[BlackElo "1874"]
[PlyCount "52"]
[EventDate "2012.??.??"]

1. Nf3 c5 2. e4 d6 3. d4 cxd4 4. Nxd4 Nf6 5. Nc3 a6 6. g3 e6 7. Bg2 Be7 8. O-O
O-O 9. Be3 Qc7 10. a4 Nc6 11. Nde2 Rd8 12. h3 b6 13. f4 Bb7 14. Qe1 Na5 15. b3
d5 16. Qf2 d4 17. Nxd4 Qxc3 18. Ne2 Qxe3 19. Qxe3 Bc5 20. Rf3 Bxe4 21. Qxc5
bxc5 22. Rc3 Bxg2 23. Kxg2 Ne4 24. Re3 f5 25. Kf3 Rd2 26. Rc1 Rad8 0-1

[Event "CN Seniori 2012"]
[Site "Sarata Monteoru/Romania"]
[Date "2012.02.15"]
[Round "3.52"]
[White "Pisu, Robert-Daniel"]
[Black "Mihalea, Stefan"]
[Result "0-1"]
[WhiteElo "2037"]
[BlackElo "1723"]
[PlyCount "82"]
[EventDate "2012.??.??"]

1. d4 e6 2. c4 Nf6 3. Nf3 d5 4. Bf4 c5 5. e3 Nc6 6. Nc3 cxd4 7. exd4 Bb4 8. a3
Bxc3+ 9. bxc3 Ne4 10. Bd3 Nxc3 11. Qc2 dxc4 12. Qxc3 cxd3 13. d5 Qa5 14. Qxa5
Nxa5 15. Bc7 b6 16. d6 f6 17. Rc1 Nb3 18. Rc3 Nc5 19. O-O Ne4 20. Rxd3 Ba6 21.
d7+ Ke7 22. d8=Q+ Raxd8 23. Rxd8 Rxd8 24. Bxd8+ Kxd8 25. Rd1+ Ke7 26. Nd4 Bb7
27. Rc1 Nc5 28. Nb3 Kd6 29. Nxc5 bxc5 30. Kf1 e5 31. Ke2 g6 32. g4 Ba6+ 33. Ke3
c4 34. Rd1+ Kc6 35. Rd8 c3 36. Rh8 f5 37. gxf5 gxf5 38. Rg8 Kd5 39. Rg7 f4+ 40.
Kf3 c2 41. Rc7 Bc4 0-1

[Event "CN Seniori 2012"]
[Site "Sarata Monteoru/Romania"]
[Date "2012.02.15"]
[Round "3.54"]
[White "Nistor, Stefan"]
[Black "Patrascu, Catalin-Lucian"]
[Result "0-1"]
[WhiteElo "1707"]
[BlackElo "1816"]
[PlyCount "106"]
[EventDate "2012.??.??"]

1. d4 Nf6 2. c4 e6 3. Nf3 Bb4+ 4. Nbd2 O-O 5. e3 d6 6. a3 Bxd2+ 7. Qxd2 Re8 8.
Be2 Qe7 9. Qc2 e5 10. dxe5 dxe5 11. e4 Nc6 12. Bg5 h6 13. Bxf6 Qxf6 14. h3 Be6
15. b4 Rad8 16. O-O Nd4 17. Nxd4 Rxd4 18. Rad1 Qg6 19. Qc3 Qxe4 20. Rxd4 Qxd4
21. Qxd4 exd4 22. Bd3 Kf8 23. Re1 Bd7 24. Rc1 Bc6 25. Kf1 Be4 26. Rd1 Bxd3+ 27.
Rxd3 Rd8 28. Ke2 Ke7 29. f4 f5 30. Kf3 Ke6 31. h4 h5 32. Kf2 a6 33. a4 Rd6 34.
Ke2 Kd7 35. Kd2 Kc6 36. Rg3 g6 37. Ra3 b6 38. g3 a5 39. bxa5 bxa5 40. Rb3 Kc5
41. Kd3 Rb6 42. Ra3 Rb4 43. Ra2 Rb3+ 44. Ke2 Rxg3 45. Kf2 Rc3 46. Rb2 Kxc4 47.
Rb5 Rc2+ 48. Ke1 c5 49. Rxa5 Kd3 50. Rb5 c4 51. a5 Ra2 52. Re5 Ra1+ 53. Kf2 c3
0-1

[Event "CN Seniori 2012"]
[Site "Sarata Monteoru/Romania"]
[Date "2012.02.15"]
[Round "3.55"]
[White "Vacar, Gligore"]
[Black "Zlatea, Cezar-Stelian"]
[Result "1-0"]
[WhiteElo "1788"]
[BlackElo "1679"]
[PlyCount "113"]
[EventDate "2012.??.??"]

1. e4 e5 2. f4 Bc5 3. Nf3 d6 4. c3 f5 5. d3 Nf6 6. fxe5 dxe5 7. Nxe5 Qe7 8. d4
Bd6 9. exf5 Bxe5 10. dxe5 Qxe5+ 11. Qe2 Qxe2+ 12. Bxe2 Bxf5 13. O-O Bg6 14. Bc4
Nbd7 15. Re1+ Kd8 16. Bf4 Rf8 17. Na3 a6 18. Bb3 Bf7 19. Bd1 Bd5 20. c4 Bc6 21.
Nc2 Ne4 22. Be3 Ndf6 23. Nd4 Bd7 24. Bc2 Re8 25. Rad1 Kc8 26. Nf3 Bg4 27. Bd4
Bh5 28. Bxf6 Nxf6 29. Rxe8+ Bxe8 30. Ng5 b6 31. Nxh7 Nxh7 32. Bxh7 Bf7 33. Bf5+
Kb8 34. Rd8+ Ka7 35. Rd7 Bg8 36. Rxg7 Rf8 37. g4 Kb7 38. b3 b5 39. cxb5 axb5
40. h4 Kc6 41. Bd7+ Kc5 42. Rg5+ Bd5 43. Bxb5 c6 44. Bc4 Rh8 45. h5 Kd6 46. a4
Ke6 47. Rg6+ Kd7 48. h6 Bxc4 49. bxc4 Kc7 50. c5 Kb7 51. g5 Ka6 52. Rxc6+ Ka5
53. Rg6 Kxa4 54. Rg7 Kb5 55. h7 Kxc5 56. g6 Kd6 57. Rg8 1-0

[Event "CN Seniori 2012"]
[Site "Sarata Monteoru"]
[Date "2012.02.15"]
[Round "3.56"]
[White "Rosca, Grigore"]
[Black "Andrei, Gheorghe"]
[Result "1/2-1/2"]
[WhiteElo "1668"]
[BlackElo "1777"]
[PlyCount "113"]
[EventDate "2012.??.??"]

1. e4 d6 2. f4 e5 3. Nf3 Bg4 4. Bc4 Nf6 5. Nc3 c6 6. fxe5 dxe5 7. Bxf7+ Kxf7 8.
Nxe5+ Kg8 9. Nxg4 Bc5 10. Nxf6+ Qxf6 11. Qf3 Qe7 12. Ne2 Nd7 13. d4 Rf8 14.
Qb3+ Rf7 15. Rf1 Bb6 16. Bg5 Qe8 17. O-O-O h6 18. Rxf7 Qxf7 19. Qxf7+ Kxf7 20.
Rf1+ Ke8 21. Bh4 Nf8 22. c4 Ne6 23. c5 Bc7 24. b4 g5 25. Bg3 Bf4+ 26. Bxf4 gxf4
27. d5 cxd5 28. exd5 Nc7 29. d6 Nd5 30. b5 Kd7 31. Nxf4 Rf8 32. g3 Nc3 33. a4
Nxa4 34. Re1 Nxc5 35. Kc2 Rf6 36. Ra1 a6 37. bxa6 bxa6 38. Rd1 Ne4 39. Ra1 Rxd6
40. Rd1 Rxd1 41. Kxd1 Kd6 42. Kc2 Ke5 43. Kd3 Nf2+ 44. Ke2 Ng4 45. h3 Nf6 46.
Nd3+ Kf5 47. Kf3 Nd7 48. g4+ Kg6 49. h4 Kf6 50. g5+ hxg5 51. hxg5+ Kxg5 52. Ke3
Kf5 53. Kd4 Ke6 54. Kc4 Kd6 55. Kb4 Kc6 56. Ka5 Kb7 57. Nb4 1/2-1/2

[Event "CN Seniori 2012"]
[Site "Sarata Monteoru/Romania"]
[Date "2012.02.15"]
[Round "3.57"]
[White "Baciu, Radu-George"]
[Black "Soare, Flavius-Alexandru"]
[Result "1/2-1/2"]
[WhiteElo "1767"]
[BlackElo "1668"]
[PlyCount "59"]
[EventDate "2012.??.??"]

1. e4 e5 2. Nf3 Nc6 3. Bb5 Nge7 4. O-O g6 5. d4 exd4 6. Nxd4 Bg7 7. c3 O-O 8.
Be3 a6 9. Ba4 b5 10. Bc2 Bb7 11. Nd2 d5 12. Nxc6 Bxc6 13. Bc5 Re8 14. Re1 dxe4
15. Nxe4 Qc8 16. Bb3 Qf5 17. Bxe7 Bxe4 18. Bh4 g5 19. Bg3 Rad8 20. Qc1 c5 21.
f3 Bd3 22. a3 c4 23. Ba2 Re2 24. Rxe2 Bxe2 25. Qe3 Qc2 26. Re1 Rd1 27. Qxg5
Rxe1+ 28. Bxe1 Qxb2 29. Qd8+ Bf8 30. Qg5+ 1/2-1/2

[Event "CN Seniori 2012"]
[Site "Sarata Monteoru/Romania"]
[Date "2012.02.15"]
[Round "3.58"]
[White "Soare, Cristel"]
[Black "Rusu, Vasile"]
[Result "0-1"]
[WhiteElo "1519"]
[BlackElo "1760"]
[PlyCount "100"]
[EventDate "2012.??.??"]

1. e4 e5 2. Nf3 Nf6 3. c3 Nxe4 4. Qe2 Nf6 5. Qxe5+ Qe7 6. d4 d6 7. Qxe7+ Bxe7
8. Bc4 d5 9. Bb3 O-O 10. O-O h6 11. Bf4 c6 12. Re1 Be6 13. Nbd2 Nbd7 14. Ne5
Rfe8 15. Nxd7 Nxd7 16. Nf3 Nb6 17. Re3 Bf6 18. Rae1 Bd7 19. Ne5 Be6 20. Bd1 Bg5
21. Bxg5 hxg5 22. g3 Kf8 23. b3 Nd7 24. Nxd7+ Bxd7 25. Rxe8+ Rxe8 26. Rxe8+
Kxe8 27. a3 Ke7 28. Kg2 Kd6 29. Kf3 f5 30. Ke3 g6 31. Be2 a5 32. c4 b6 33. cxd5
cxd5 34. a4 Ke6 35. f4 g4 36. Bf1 Kf6 37. h3 gxh3 38. Bxh3 b5 39. axb5 Bxb5 40.
Bg2 Ke6 41. Bf3 Kd6 42. Be2 Kc6 43. Kd2 Bxe2 44. Kxe2 Kb5 45. Kd2 Kb4 46. Kc2
a4 47. bxa4 Kxa4 48. Kd3 Kb3 49. Kd2 Kc4 50. Ke3 Kc3 0-1

[Event "CN Seniori 2012"]
[Site "Sarata Monteoru"]
[Date "2012.02.15"]
[Round "3.59"]
[White "David, Dorian-Ciprian"]
[Black "Chivulescu, Adrian-Alexandru"]
[Result "1-0"]
[WhiteElo "1726"]
[BlackElo "1545"]
[PlyCount "75"]
[EventDate "2012.??.??"]

1. b4 d5 2. Bb2 Qd6 3. a3 e5 4. Nf3 f6 5. e3 Ne7 6. c4 c6 7. h3 Ng6 8. Nc3 Be6
9. d3 Be7 10. Qc2 O-O 11. g4 Re8 12. Rc1 d4 13. Ne4 Qd7 14. exd4 exd4 15. Nxd4
f5 16. gxf5 Bxf5 17. Nxf5 Qxf5 18. Be2 Nh4 19. Bg4 Qf7 20. Qe2 Bg5 21. Rb1 Ng2+
22. Kd1 Bh6 23. Kc2 Nf4 24. Qf1 Rd8 25. Rd1 Nxd3 26. Rxd3 Qxc4+ 27. Nc3 Rf8 28.
Rd8 Qf4 29. Be6+ Kh8 30. Rxf8+ Qxf8 31. f4 Qxf4 32. Qxf4 Bxf4 33. Rf1 Bd6 34.
Ne4 Be7 35. Rf7 Bxb4 36. axb4 Na6 37. Bxg7+ Kg8 38. Nf6# 1-0

[Event "CN Seniori 2012"]
[Site "Sarata Monteoru/Romania"]
[Date "2012.02.15"]
[Round "3.60"]
[White "Ciortan, Mihail"]
[Black "Balea, Dumitru-Lucian"]
[Result "1/2-1/2"]
[WhiteElo "1721"]
[BlackElo "1490"]
[PlyCount "120"]
[EventDate "2012.??.??"]

1. b3 d5 2. Bb2 Bf5 3. Nf3 e6 4. e3 Nf6 5. d4 c5 6. Bb5+ Nc6 7. O-O a6 8. Bxc6+
bxc6 9. Nbd2 Be7 10. c4 O-O 11. Qe2 Ne4 12. Nxe4 Bxe4 13. Nd2 Bg6 14. dxc5 Bxc5
15. Rfc1 Be7 16. cxd5 cxd5 17. Rc6 a5 18. Rac1 Bd6 19. Nf3 Qd7 20. Ne5 Bxe5 21.
Bxe5 Rfc8 22. Qb5 Rxc6 23. Qxc6 Qxc6 24. Rxc6 h6 25. a3 Bd3 26. h3 Ra7 27. Bd6
Rb7 28. b4 axb4 29. Bxb4 Bb5 30. Rc5 Ba4 31. Kf1 g6 32. g3 Kg7 33. Ke2 Bb3 34.
Rc3 Bc4+ 35. Kf3 f6 36. e4 h5 37. h4 g5 38. exd5 Bxd5+ 39. Ke3 g4 40. Rc8 e5
41. Re8 Kg6 42. Re7 Rxe7 43. Bxe7 f5 44. a4 Bc4 45. a5 Kf7 46. Bd8 Ke6 47. Kd2
f4 48. Bc7 Kf5 49. Ke1 Ke4 50. gxf4 exf4 51. Bd6 Kf3 52. Bc5 g3 53. fxg3 fxg3
54. Bd4 Kg2 55. Be5 Kh3 56. Bf6 g2 57. Bd4 Kxh4 58. Kf2 Kh3 59. Kg1 Bd5 60. a6
h4 1/2-1/2

[Event "CN Seniori 2012"]
[Site "Sarata Monteoru"]
[Date "2012.02.15"]
[Round "3.61"]
[White "Puscas, Filip-Andrei"]
[Black "Ionita, Ioan"]
[Result "0-1"]
[WhiteElo "1420"]
[BlackElo "1720"]
[PlyCount "60"]
[EventDate "2012.??.??"]

1. e4 c5 2. Nf3 d6 3. d4 cxd4 4. Nxd4 Nf6 5. Nc3 a6 6. Be2 e5 7. Nf3 Be7 8. O-O
O-O 9. Bg5 Nbd7 10. Qd2 Qc7 11. Rad1 b5 12. a3 Bb7 13. Bd3 Rfe8 14. h3 Bf8 15.
Nh2 h6 16. Bh4 Be7 17. Rfe1 Rad8 18. Re3 Nc5 19. Rg3 Kh8 20. Bxf6 Bxf6 21. f4
exf4 22. Qxf4 Be5 23. Qf5 Bxg3 24. e5 Nxd3 25. Rxd3 Rxe5 26. Qg4 Bxh2+ 27. Kxh2
Rg5 28. Qf4 Rxg2+ 29. Kh1 Rf2+ 30. Rf3 Rxf3 0-1

[Event "CN Seniori 2012"]
[Site "Sarata Monteoru/Romania"]
[Date "2012.02.15"]
[Round "4.1"]
[White "Cioara, Andrei-Nestor"]
[Black "Lupulescu, Constantin"]
[Result "1/2-1/2"]
[WhiteElo "2456"]
[BlackElo "2648"]
[PlyCount "75"]
[EventDate "2012.??.??"]
[TimeControl "40/5400+30:900+30"]

1. d4 Nf6 2. c4 e6 3. g3 c5 4. d5 exd5 5. cxd5 d6 6. Nc3 g6 7. Bg2 Bg7 8. Nf3
O-O 9. O-O Re8 10. h3 a6 11. a4 Ne4 12. Nxe4 Rxe4 13. Ne1 Re8 14. Qc2 Nd7 15.
e4 Rb8 16. Rb1 b5 17. axb5 Rxb5 18. Nf3 Rb4 19. Nd2 a5 20. Re1 Ba6 21. b3 Ne5
22. Re3 Qb6 23. Bf1 Bxf1 24. Kxf1 a4 25. bxa4 Qa6+ 26. Kg2 Qxa4 27. Qxa4 Rxa4
28. Bb2 Bh6 29. f4 Nd7 30. Ra1 Rea8 31. Rxa4 Rxa4 32. Ra3 Rxa3 33. Bxa3 Nb6 34.
Bb2 Bg7 35. Kf3 f5 36. Nf1 Nc4 37. exf5 gxf5 38. g4 1/2-1/2

[Event "CN Seniori 2012"]
[Site "Sarata Monteoru/Romania"]
[Date "2012.02.15"]
[Round "4.2"]
[White "Vajda, Levente"]
[Black "Dragomirescu, Robin-Alexandru"]
[Result "1-0"]
[WhiteElo "2594"]
[BlackElo "2340"]
[PlyCount "73"]
[EventDate "2012.??.??"]
[TimeControl "40/5400+30:900+30"]

1. e4 c5 2. c3 Nf6 3. e5 Nd5 4. d4 cxd4 5. Nf3 Nc6 6. cxd4 d6 7. Bc4 Nb6 8. Bb5
dxe5 9. Nxe5 Bd7 10. Nxd7 Qxd7 11. Nc3 Rd8 12. O-O e6 13. Be3 Be7 14. Qg4 O-O
15. Rad1 Rfe8 16. Bh6 Bf8 17. Bg5 Be7 18. h4 a6 19. Bxc6 Qxc6 20. Rd3 f5 21.
Qg3 Bxg5 22. hxg5 Qd6 23. Qh4 g6 24. Re1 Rd7 25. Rdd1 Qb4 26. Qf4 Qxb2 27. Qe3
Qb4 28. d5 Nc4 29. Qh3 e5 30. Ne4 Rf8 31. Nf6+ Rxf6 32. gxf6 Qd6 33. a4 Qxf6
34. Qb3 Nd6 35. Qc3 Re7 36. Rb1 b5 37. Qc6 1-0

[Event "CN Seniori 2012"]
[Site "Sarata Monteoru/Romania"]
[Date "2012.02.15"]
[Round "4.3"]
[White "Prodileanu, Adrian"]
[Black "Szabo, Gergely-Andras-Gyul"]
[Result "0-1"]
[WhiteElo "2204"]
[BlackElo "2554"]
[PlyCount "40"]
[EventDate "2012.??.??"]
[TimeControl "40/5400+30:900+30"]

1. c4 b6 2. Nc3 Bb7 3. e4 e6 4. Nge2 Nf6 5. d3 d5 6. cxd5 exd5 7. e5 Nfd7 8. d4
c5 9. f4 cxd4 10. Nxd4 Bc5 11. Be3 O-O 12. g3 Re8 13. Kf2 Nc6 14. Bg2 Ndxe5 15.
fxe5 Rxe5 16. b4 Rxe3 17. Kxe3 Bxd4+ 18. Kd2 Qg5+ 19. Kc2 Nxb4+ 20. Kb3 Bxc3
0-1

[Event "CN Seniori 2012"]
[Site "Sarata Monteoru/Romania"]
[Date "2012.02.15"]
[Round "4.4"]
[White "Bonte, Andrei-Mihai"]
[Black "Nevednichy, Vladislav"]
[Result "0-1"]
[WhiteElo "2380"]
[BlackElo "2546"]
[PlyCount "82"]
[EventDate "2012.??.??"]
[TimeControl "40/5400+30:900+30"]

1. d4 Nf6 2. c4 g6 3. Nc3 Bg7 4. e4 d6 5. Nf3 O-O 6. Be2 e5 7. O-O Nbd7 8. Be3
Re8 9. d5 Nh5 10. Re1 Bf8 11. Nd2 Ng7 12. b4 f5 13. Nb3 f4 14. Bd2 Nf6 15. c5
g5 16. Rc1 Re7 17. Qc2 Nge8 18. Bc4 Rg7 19. Qd3 Kh8 20. Rc2 h5 21. Bc1 Nh7 22.
c6 b6 23. Ba6 Bxa6 24. Qxa6 g4 25. Qd3 Ng5 26. Kh1 Qf6 27. g3 Nh3 28. gxf4 Nxf4
29. Bxf4 Qxf4 30. Qg3 Qg5 31. f3 Nf6 32. fxg4 hxg4 33. Rf2 Be7 34. Rf5 Qg6 35.
Qh4+ Kg8 36. Ref1 Nxd5 37. Qe1 g3 38. hxg3 Nf4 39. R1xf4 exf4 40. Nd5 Qh6+ 41.
Kg2 Rxg3+ 0-1